[Event "Fagernes GM-B 2019"]
[Site "Fagernes"]
[Date "2019.04.20"]
[Round "8.30"]
[White "Sidali, Elias Hulleberg"]
[Black "Akdag, Omer Amir"]
[Result "1-0"]
[WhiteElo "1944"]
[BlackElo "1901"]
[Annotator "NA"]
[PlyCount "111"]
[EventDate "2019.04.14"]
[EventType "tourn"]
[EventCountry "NOR"]
[SourceTitle "playchess.com"]
[Source "ChessBase"]
[SourceQuality "1"]
[TimeControl "40/5400+30:1800+30"]

1. e4 {[%emt 0:00:00]} c5 {[%emt 0:00:00]} 2. Nf3 {[%emt 0:00:00]} Nc6 {[%emt 0:00:00]} 3. Bb5 {[%emt 0:00:00]} g6 {[%emt 0:00:00]} 4. Bxc6 {[%emt 0:00:00]} dxc6 {[%emt 0:00:00]} 5. d3 {[%emt 0:00:00]} Bg7 {[%emt 0:00:00]} 6. h3 {[%emt 0:00:00]} Nf6 {[%emt 0:00:00]} 7. O-O {[%emt 0:00:00]} Nd7 {[%emt 0:00:00]} 8. Nc3 {[%emt 0:00:00]} e5 {[%emt 0:00:00]} 9. Be3 {[%emt 0:00:00]} b6 {[%emt 0:00:00]} 10. Qd2 {[%emt 0:00:00]} h6 {[%emt 0:00:00]} 11. a3 {[%emt 0:00:00]} Nf8 {[%emt 0:00:00]} 12. b4 {[%emt 0:00:00]} f5 {[%emt 0:00:00]} 13. exf5 {[%emt 0:00:00]} gxf5 {[%emt 0:00:00]} 14. Qe1 {[%emt 0:00:00]} cxb4 {[%emt 0:05:04]} 15. Nxe5 {[%emt 0:02:51]} Qe7 {[%emt 0:09:13]} 16. Nxc6 {[%emt 0:02:57]} Qe6 {[%emt 0:08:02]} 17. Bd4 {[%emt 0:01:05]} Rg8 {[%emt 0:01:29]} 18. axb4 {[%emt 0:02:04]} Kd7 {[%emt 0:02:03]} 19. Qxe6+ {[%emt 0:02:48]} Nxe6 {[%emt 0:01:52]} 20. Bxg7 {[%emt 0:00:40]} Kxc6 {[%emt 0:00:44]} 21. Be5 {[%emt 0:01:01]} Bb7 {[%emt 0:01:02]} 22. f3 {[%emt 0:02:16]} a6 {[%emt 0:00:52]} 23. Kf2 {[%emt 0:06:36]} Rg6 {[%emt 0:01:47]} 24. b5+ {[%emt 0:01:09]} Kd7 {[%emt 0:06:39]} 25. bxa6 {[%emt 1:19:03]} Bxa6 {[%emt 0:01:03]} 26. Nd5 {[%emt 0:00:00]} Nc5 {[%emt 0:02:43]} 27. Nc7 {[%emt 0:00:00]} Ra7 {[%emt 0:01:12]} 28. Nxa6 {[%emt 0:00:00]} Rxa6 {[%emt 0:01:05]} 29. Rxa6 {[%emt 0:00:00]} Nxa6 {[%emt 0:00:33]} 30. Rb1 {[%emt 0:00:00]} Rc6 {[%emt 0:02:01]} 31. c4 {[%emt 0:00:00]} Ke6 {[%emt 0:01:11]} 32. Bd4 {[%emt 0:00:00]} Nc5 {[%emt 0:00:36]} 33. Bxc5 {[%emt 0:00:00]} bxc5 {[%emt 0:00:31]} 34. Re1+ {[%emt 0:00:00]} Kf6 {[%emt 0:57:18]} 35. Re8 {[%emt 0:00:00]} f4 {[%emt 0:00:00]} 36. Re4 {[%emt 0:00:00]} Kf5 {[%emt 0:00:00]} 37. d4 {[%emt 0:00:00]} cxd4 {[%emt 0:00:00]} 38. Rxd4 {[%emt 0:00:00]} Ke5 {[%emt 0:00:00]} 39. Re4+ {[%emt 0:00:00]} Kf5 {[%emt 0:00:00]} 40. g3 {[%emt 0:00:00]} fxg3+ {[%emt 0:00:00]} 41. Kxg3 {[%emt 0:00:00]} Rg6+ {[%emt 0:00:00]} 42. Kf2 {[%emt 0:00:00]} Rc6 {[%emt 0:00:00]} 43. Ke3 {[%emt 0:00:00]} h5 {[%emt 0:00:00]} 44. h4 {[%emt 0:00:00]} Rc5 {[%emt 0:00:00]} 45. Kd4 {[%emt 0:00:00]} Ra5 {[%emt 0:00:00]} 46. c5 {[%emt 0:00:00]} Ra3 {[%emt 0:00:00]} 47. Re3 {[%emt 0:00:00]} Ra4+ {[%emt 0:00:00]} 48. Kd5 {[%emt 0:00:00]} Rxh4 {[%emt 0:00:00]} 49. c6 {[%emt 0:00:00]} Rh1 {[%emt 0:00:00]} 50. Re4 {[%emt 0:00:00]} Rd1+ {[%emt 0:00:00]} 51. Rd4 {[%emt 0:00:00]} Rxd4+ {[%emt 0:00:00]} 52. Kxd4 {[%emt 0:00:00]} Ke6 {[%emt 0:00:00]} 53. Kc5 {[%emt 0:00:00]} h4 {[%emt 0:00:00]} 54. Kb6 {[%emt 0:00:00]} Ke5 {[%emt 0:00:00]} 55. c7 {[%emt 0:00:00]} Kf4 {[%emt 0:00:00]} 56. c8=Q {[%emt 0:00:00]} 1-0

[Event "Fagernes GM-B 2019"]
[Site "Fagernes"]
[Date "2019.04.21"]
[Round "9.21"]
[White "Nordquelle, Daniel"]
[Black "Fuglestein, Sander"]
[Result "0-1"]
[WhiteElo "2264"]
[BlackElo "2000"]
[Annotator "NA"]
[PlyCount "98"]
[EventDate "2019.04.14"]
[EventType "tourn"]
[EventCountry "NOR"]
[SourceTitle "playchess.com"]
[Source "ChessBase"]
[SourceQuality "1"]
[TimeControl "40/5400+30:1800+30"]

1. e4 {[%emt 0:00:00]} c6 {[%emt 0:00:00]} 2. d4 {[%emt 0:00:00]} d5 {[%emt 0:00:00]} 3. e5 {[%emt 0:00:00]} Bf5 {[%emt 0:00:00]} 4. h4 {[%emt 0:00:00]} h5 {[%emt 0:00:00]} 5. c4 {[%emt 0:00:00]} e6 {[%emt 0:00:00]} 6. Nc3 {[%emt 0:00:00]} Ne7 {[%emt 0:00:00]} 7. Nge2 {[%emt 0:00:00]} Nd7 {[%emt 0:00:00]} 8. Ng3 {[%emt 0:00:00]} Bg6 {[%emt 0:00:00]} 9. Be3 {[%emt 0:00:00]} Qb6 {[%emt 0:00:00]} 10. Qd2 {[%emt 0:00:00]} dxc4 {[%emt 0:00:00]} 11. Bxc4 {[%emt 0:00:00]} O-O-O {[%emt 0:00:00]} 12. a3 {[%emt 0:00:00]} Nd5 {[%emt 0:00:00]} 13. Bxd5 {[%emt 0:00:00]} cxd5 {[%emt 0:00:00]} 14. Nge2 {[%emt 0:00:00]} Kb8 {[%emt 0:00:00]} 15. O-O {[%emt 0:00:00]} Be7 {[%emt 0:00:00]} 16. g3 {[%emt 0:00:00]} Rc8 $15 {[%emt 0:00:00]} 17. Rfc1 {[%emt 0:00:00]} f6 {[%emt 0:06:49]} 18. exf6 {[%emt 0:00:00]} gxf6 {[%emt 0:02:42]} 19. Nf4 {[%emt 0:00:00]} Bf7 {[%emt 0:05:14]} 20. b4 {[%emt 0:00:00]} Qd8 {[%emt 0:04:31]} 21. Nd3 {[%emt 0:00:00]} Nb6 {[%emt 0:05:31]} 22. Bf4+ {[%emt 0:04:14]} Ka8 {[%emt 0:02:12]} 23. Nb2 {[%emt 0:00:58]} Qd7 {[%emt 0:06:29]} 24. Qd3 {[%emt 0:11:34]} Bd6 {[%emt 0:09:53]} 25. Bxd6 {[%emt 0:01:43]} Qxd6 {[%emt 0:00:32]} 26. Nca4 {[%emt 0:02:44]} Nxa4 {[%emt 0:07:44]} 27. Nxa4 {[%emt 0:00:38]} e5 {[%emt 0:04:56]} 28. Nc5 {[%emt 0:01:58]} e4 {[%emt 0:08:14]} 29. Qd2 {[%emt 0:16:56]} Rhg8 {[%emt 0:12:19]} 30. Nb3 {[%emt 0:05:06]} Rc4 {[%emt 0:04:44]} 31. Rxc4 {[%emt 0:07:53]} dxc4 {[%emt 0:00:31]} 32. Nc1 {[%emt 0:00:44]} Be6 {[%emt 0:06:29]} 33. Ne2 {[%emt 0:00:46]} Rd8 {[%emt 0:04:57]} 34. Nf4 {[%emt 0:00:36]} Bg4 {[%emt 0:04:41]} 35. d5 {[%emt 0:00:35]} Qe5 {[%emt 0:03:27]} 36. Rc1 {[%emt 0:00:57]} Rc8 {[%emt 0:01:47]} 37. Rc3 {[%emt 0:01:43]} Bd7 {[%emt 0:02:19]} 38. Kf1 {[%emt 0:05:16]} a6 {[%emt 0:01:07]} 39. Ke2 {[%emt 0:00:40]} Qf5 {[%emt 0:01:55]} 40. Qd4 {[%emt 0:02:54]} e3 {[%emt 0:00:54]} 41. Rxe3 {[%emt 0:35:03]} Qb1 {[%emt 0:00:00]} 42. Qc3 {[%emt 0:00:00]} Bg4+ {[%emt 0:00:00]} 43. f3 {[%emt 0:00:00]} Bf5 {[%emt 0:00:00]} 44. Nxh5 {[%emt 0:00:00]} Bd3+ {[%emt 0:00:00]} 45. Kd2 {[%emt 0:00:00]} Qf1 {[%emt 0:00:00]} 46. Rxd3 {[%emt 0:00:00]} Re8 {[%emt 0:00:00]} 47. Nf4 {[%emt 0:00:00]} cxd3 {[%emt 0:00:00]} 48. Qxd3 {[%emt 0:00:00]} Qe1+ {[%emt 0:02:46]} 49. Kc2 {[%emt 0:00:00]} Qf2+ {[%emt 0:02:28]} 0-1

[Event "Fagernes GM-B 2019"]
[Site "Fagernes"]
[Date "2019.04.21"]
[Round "9.22"]
[White "Kaasen, Tor Fredrik"]
[Black "Tryggestad, Andreas Garberg"]
[Result "0-1"]
[WhiteElo "2385"]
[BlackElo "2305"]
[Annotator "NA"]
[PlyCount "120"]
[EventDate "2019.04.14"]
[EventType "tourn"]
[EventCountry "NOR"]
[SourceTitle "playchess.com"]
[Source "ChessBase"]
[SourceQuality "1"]
[TimeControl "40/5400+30:1800+30"]

1. e4 {[%emt 0:02:19]} c5 {[%emt 0:03:35]} 2. Nf3 {[%emt 0:00:14]} e6 {[%emt 0:00:05]} 3. d4 {[%emt 0:00:04]} cxd4 {[%emt 0:00:04]} 4. Nxd4 {[%emt 0:00:03]} a6 {[%emt 0:00:07]} 5. Bd3 {[%emt 0:00:08]} g6 {[%emt 0:00:06]} 6. O-O {[%emt 0:05:30]} Bg7 {[%emt 0:00:05]} 7. Nf3 {[%emt 0:00:25]} Nc6 {[%emt 0:01:20]} 8. c4 {[%emt 0:00:52]} Nge7 {[%emt 0:00:52]} 9. Nc3 {[%emt 0:00:12]} O-O {[%emt 0:02:53]} 10. Re1 {[%emt 0:01:51]} d5 {[%emt 0:00:58]} 11. exd5 {[%emt 0:05:34]} exd5 {[%emt 0:00:03]} 12. Bg5 $11 {[%emt 0:00:53]} h6 {[%emt 0:04:04]} 13. Bh4 {[%emt 0:10:40]} dxc4 {[%emt 0:02:42]} 14. Bxe7 {[%emt 0:03:21]} Nxe7 {[%emt 0:00:28]} 15. Bxc4 {[%emt 0:00:06]} Nc6 {[%emt 0:02:01]} 16. Bd5 {[%emt 0:06:44]} Bf5 {[%emt 0:02:21]} 17. Rc1 {[%emt 0:10:24]} Nb4 {[%emt 0:08:00]} 18. Bxb7 {[%emt 0:04:30]} Rb8 {[%emt 0:00:06]} 19. Be4 {[%emt 0:02:14]} Bxe4 {[%emt 0:01:36]} 20. Rxe4 {[%emt 0:02:46]} Nd3 {[%emt 0:00:18]} 21. Rc2 {[%emt 0:05:02]} Nxb2 {[%emt 0:02:40]} 22. Qe2 {[%emt 0:00:52]} Nd3 {[%emt 0:00:35]} 23. g3 {[%emt 0:02:39]} Nb4 {[%emt 0:13:38]} 24. Rd2 {[%emt 0:04:41]} Qa5 {[%emt 0:13:42]} 25. Ne5 {[%emt 0:00:18]} Rfc8 {[%emt 0:00:20]} 26. Nxf7 {[%emt 0:06:30]} Qh5 {[%emt 0:21:41]} 27. g4 {[%emt 0:01:49]} Qc5 {[%emt 0:00:02]} 28. Na4 {[%emt 0:10:33]} Qc1+ {[%emt 0:03:18]} 29. Rd1 {[%emt 0:01:51]} Qc2 {[%emt 0:02:37]} 30. Nd6 {[%emt 0:00:07]} Rd8 {[%emt 0:03:52]} 31. Qxc2 {[%emt 0:03:19]} Nxc2 {[%emt 0:00:01]} 32. Rc4 {[%emt 0:00:22]} Rb4 {[%emt 0:00:57]} 33. Rxb4 {[%emt 0:02:13]} Nxb4 {[%emt 0:00:01]} 34. Rb1 {[%emt 0:00:27]} Nxa2 {[%emt 0:01:19]} 35. Rb6 {[%emt 0:00:20]} a5 {[%emt 0:03:54]} 36. Rc6 {[%emt 0:02:38]} Nb4 {[%emt 0:00:21]} 37. Rc8 {[%emt 0:01:03]} Rxc8 {[%emt 0:00:06]} 38. Nxc8 {[%emt 0:00:02]} Kf7 {[%emt 0:00:45]} 39. Nc5 {[%emt 0:01:37]} Bf8 {[%emt 0:00:40]} 40. Na4 {[%emt 0:01:11]} Nd3 {[%emt 0:04:16]} 41. Ncb6 {[%emt 0:31:24]} Nc5 {[%emt 0:05:01]} 42. Nb2 {[%emt 0:00:00]} Bg7 {[%emt 0:01:09]} 43. N2c4 {[%emt 0:00:00]} a4 {[%emt 0:00:34]} 44. Kf1 {[%emt 0:00:00]} Bb2 {[%emt 0:01:41]} 45. Nd5 {[%emt 0:00:00]} a3 {[%emt 0:02:22]} 46. Nb4 {[%emt 0:00:00]} Nd3 {[%emt 0:03:59]} 47. Nc2 {[%emt 0:00:00]} a2 {[%emt 0:01:47]} 48. Nxb2 {[%emt 0:00:00]} Nxb2 {[%emt 0:00:02]} 49. Ke2 {[%emt 0:00:00]} g5 {[%emt 0:11:09]} 50. Ke3 {[%emt 0:00:00]} Nc4+ {[%emt 0:07:09]} 51. Kd4 {[%emt 0:00:00]} Nd2 {[%emt 0:00:01]} 52. f4 {[%emt 0:01:32]} gxf4 {[%emt 0:00:25]} 53. Kd3 {[%emt 0:00:04]} Nb3 {[%emt 0:01:22]} 54. Ke4 {[%emt 0:00:29]} f3 {[%emt 0:00:14]} 55. Ke3 {[%emt 0:00:31]} Kg6 {[%emt 0:01:33]} 56. h4 {[%emt 0:00:38]} h5 {[%emt 0:00:19]} 57. g5 {[%emt 0:00:50]} Kf5 {[%emt 0:00:19]} 58. Kxf3 {[%emt 0:00:36]} a1=Q {[%emt 0:00:08]} 59. Nxa1 {[%emt 0:00:05]} Nxa1 {[%emt 0:00:01]} 60. Ke3 {[%emt 0:00:26]} Nb3 {[%emt 0:00:36]} 0-1

[Event "Fagernes GM-B 2019"]
[Site "Fagernes"]
[Date "2019.04.21"]
[Round "9.23"]
[White "Lund, Gunnar"]
[Black "Betaneli, Alexander"]
[Result "1-0"]
[WhiteElo "2271"]
[BlackElo "2235"]
[Annotator "NA"]
[PlyCount "91"]
[EventDate "2019.04.14"]
[EventType "tourn"]
[EventCountry "NOR"]
[SourceTitle "playchess.com"]
[Source "ChessBase"]
[SourceQuality "1"]
[TimeControl "40/5400+30:1800+30"]

1. d4 {[%emt 0:07:04]} d5 {[%emt 0:00:00]} 2. Bf4 {[%emt 0:00:09]} Nf6 {[%emt 0:00:00]} 3. e3 {[%emt 0:00:13]} e6 {[%emt 0:00:09]} 4. Nf3 {[%emt 0:01:02]} c5 {[%emt 0:06:26]} 5. c3 {[%emt 0:01:51]} Nc6 {[%emt 0:00:27]} 6. Nbd2 {[%emt 0:01:01]} Be7 $11 {[%emt 0:02:19]} 7. Ne5 {[%emt 0:02:37]} cxd4 {[%emt 0:11:39]} 8. exd4 {[%emt 0:01:10]} Qb6 {[%emt 0:01:09]} 9. Rb1 {[%emt 0:06:39]} g6 {[%emt 0:09:02]} 10. Be2 {[%emt 0:03:30]} Nd7 {[%emt 0:03:18]} 11. Nxd7 {[%emt 0:07:10]} Bxd7 {[%emt 0:00:09]} 12. O-O {[%emt 0:00:56]} O-O {[%emt 0:03:19]} 13. Nf3 {[%emt 0:02:56]} Rfc8 {[%emt 0:02:51]} 14. h4 {[%emt 0:05:05]} Na5 {[%emt 0:08:13]} 15. h5 {[%emt 0:03:27]} Bb5 {[%emt 0:02:02]} 16. Re1 {[%emt 0:05:37]} Bxe2 {[%emt 0:02:08]} 17. Qxe2 {[%emt 0:00:50]} Qa6 {[%emt 0:07:52]} 18. Qc2 {[%emt 0:06:11]} Nc4 {[%emt 0:01:45]} 19. a3 {[%emt 0:00:43]} Qb6 {[%emt 0:04:44]} 20. g3 {[%emt 0:05:10]} Qd8 {[%emt 0:04:44]} 21. hxg6 {[%emt 0:05:29]} hxg6 {[%emt 0:00:06]} 22. Rxe6 {[%emt 0:01:52]} Rc6 {[%emt 0:04:28]} 23. Rxc6 {[%emt 0:03:58]} bxc6 {[%emt 0:00:04]} 24. Kg2 {[%emt 0:00:33]} Bf6 {[%emt 0:06:59]} 25. Nd2 {[%emt 0:04:35]} Nxd2 {[%emt 0:02:02]} 26. Qxd2 {[%emt 0:00:13]} Qd7 {[%emt 0:00:29]} 27. Re1 {[%emt 0:10:32]} Qf5 {[%emt 0:03:13]} 28. Qe3 {[%emt 0:03:20]} a5 {[%emt 0:03:56]} 29. Bd6 {[%emt 0:01:50]} Kg7 {[%emt 0:03:15]} 30. Rh1 {[%emt 0:02:21]} Bg5 {[%emt 0:01:55]} 31. Qe5+ {[%emt 0:04:12]} Qxe5 {[%emt 0:00:05]} 32. Bxe5+ {[%emt 0:00:08]} Bf6 {[%emt 0:00:31]} 33. Bd6 {[%emt 0:01:40]} Re8 {[%emt 0:00:54]} 34. Kf3 {[%emt 0:00:20]} Re6 {[%emt 0:00:49]} 35. Bc5 {[%emt 0:01:15]} Be7 {[%emt 0:02:59]} 36. b4 {[%emt 0:01:16]} axb4 {[%emt 0:01:02]} 37. Bxb4 {[%emt 0:00:19]} c5 {[%emt 0:00:53]} 38. dxc5 {[%emt 0:00:24]} Rc6 {[%emt 0:00:01]} 39. c4 {[%emt 0:01:17]} dxc4 {[%emt 0:02:13]} 40. Rc1 {[%emt 0:00:25]} Bxc5 {[%emt 0:00:21]} 41. Rxc4 {[%emt 0:03:06]} Rf6+ {[%emt 0:02:45]} 42. Rf4 {[%emt 0:00:35]} Rxf4+ {[%emt 0:03:30]} 43. gxf4 {[%emt 0:00:14]} Bb6 {[%emt 0:00:16]} 44. a4 {[%emt 0:00:41]} Kf6 {[%emt 0:05:11]} 45. a5 {[%emt 0:00:19]} Bc7 {[%emt 0:00:34]} 46. a6 {[%emt 0:00:16]} 1-0

[Event "Fagernes GM-B 2019"]
[Site "Fagernes"]
[Date "2019.04.21"]
[Round "9.25"]
[White "Levin, Felix"]
[Black "Holm, Kristian Stuvik"]
[Result "1/2-1/2"]
[WhiteElo "2476"]
[BlackElo "2467"]
[Annotator "ChessBase"]
[PlyCount "23"]
[EventDate "2019.04.14"]
[EventType "tourn"]
[EventCountry "NOR"]
[SourceTitle "playchess.com"]
[Source "ChessBase"]
[SourceQuality "1"]
[TimeControl "40/5400+30:1800+30"]

1. d4 {[%emt 0:00:24]} Nf6 {[%emt 0:02:05]} 2. Nf3 {[%emt 0:01:02]} g6 {[%emt 0:00:07]} 3. g3 {[%emt 0:00:32]} Bg7 {[%emt 0:00:12]} 4. Bg2 {[%emt 0:00:05]} d5 {[%emt 0:00:10]} 5. O-O {[%emt 0:00:09]} O-O {[%emt 0:00:04]} 6. c4 {[%emt 0:01:02]} c6 {[%emt 0:00:08]} 7. Nbd2 {[%emt 0:01:33]} a5 {[%emt 0:00:07]} 8. b3 {[%emt 0:00:10]} a4 {[%emt 0:07:08]} 9. Ba3 {[%emt 0:02:06]} Re8 {[%emt 0:00:18]} 10. e3 {[%emt 0:03:25]} Bf5 {[%emt 0:00:33]} 11. Qe2 {[%emt 0:01:47]} Ne4 {[%emt 0:16:10]} 12. Rfc1 {[%emt 1:23:45]} 1/2-1/2